Stochastic Modelling and Analysis <A> Computational Approach
Salvato in:
| Autore principale: | |
|---|---|
| Natura: | Libro |
| Lingua: | inglese |
| Pubblicazione: |
Chichester
Wiley
1986
|
| Edizione: | 1. ed. |
| Tags: |
Nessun Tag, puoi essere il primo ad aggiungerne!!
|
MARC
| LEADER | 00000nam a2200000 4500 | ||
|---|---|---|---|
| 001 | c034702 | ||
| 005 | 20221220072925.1 | ||
| 041 | 0 | |a eng | |
| 044 | |a SK | ||
| 245 | 1 | 0 | |a Stochastic Modelling and Analysis |b <A> Computational Approach |c Henk C. Tijms |
| 250 | |a 1. ed. | ||
| 264 | 1 | |a Chichester |b Wiley |c 1986 | |
| 300 | |a 418 s. | ||
| 100 | 1 | |a Tijms, Henk C. | |